Statystyki dla Stolice Europy

Kliknij tutaj aby rozwiązać quiz!

Ogólne statystyki

  • Ten quiz został rozwiązany 29 razy
  • Średni wynik to 30 z 44

Odpowiedzi na mapie

Odpowiedzi skodowane kolorowo w zielono-czerwonej skali na mapie do tego quizu, zgodnie z poniższymi procentami.
 

Statystyki odpowiedzi

Stolica% Poprawnych
Warszawa
95%
Berlin
91%
Londyn
91%
Kijów
86%
Madryt
86%
Mińsk
86%
Praga
86%
Wiedeń
86%
Ateny
82%
Dublin
82%
Moskwa
82%
Oslo
82%
Paryż
82%
Watykan
82%
Amsterdam
77%
Andora
77%
Lizbona
77%
Ryga
77%
Rzym
77%
Sztokholm
77%
Wilno
77%
Bruksela
73%
Budapeszt
73%
Helsinki
73%
Kopenhaga
73%
Zagrzeb
73%
Bratyslawa
68%
Bukareszt
68%
Luksemburg
64%
San Marino
64%
Berno
59%
Sofia
59%
Tallin
59%
Belgrad
55%
Lublana
50%
Podgorica
50%
Sarajewo
50%
Skopje
50%
Tirana
50%
Vaduz
45%
Kiszyniów
41%
Valleta
41%
Prisztina
36%
Rejkiawik
23%

Rozkład punktacji

Percentyl według liczby udzielonych odpowiedzi

Procent ludzi z każdym wynikiem

Twoja historia wyników

Nie rozwiązałeś tego quizu